000 01151nac a22002897a 4500
001 BR8001868
003 BR-BrBNA
005 20240105114636.0
008 230509b bl.|||m| |||| 00| 0 por d
040 _aBR-BrBNA
_bpor
_cBiblioteca Nacional de Agricultura
072 _aQ10
090 _a8150 BR8001868
100 1 _aScharra, D.
110 1 _aSecretaria Nacional de Defesa Agropecuaria, Brasilia, DF (Brasil). Div. de Inspecao de Pescado e Derivados
245 1 _aViabilidade tecnico-economica da melhoria da salga da sardinha [Sardinella aurita; Preservacao de alimento]
246 1 _a[Technical-economic viability of improving sardine salging [Sardinella aurita; Food preservation]]
260 3 _aBrasilia, DF (Brasil):
_cOct 1979.
300 _a25 p.
490 _aBoletim Informativo. Serie Pesquisa - Secretaria Nacional de Defesa Agropecuaria. Div. de Inspecao de Pescado e Derivados (Brazil)
_vv. 14(4)
_x
500 _a10 ref.
650 _aTecnologia de alimento
650 _aSardinha
650 _aPreservacao de alimento
650 _aSalga
909 _a202312
_bLúcia Elande
_c55
_dLúcia Elande
942 _2AGRIS
_n0
_cMS
999 _c270498
_d270498